[Event "Winnipeg TNT March op"]
[Site "Winnipeg CAN"]
[Date "2012.03.27"]
[Round "4"]
[White "Li, Kevin"]
[Black "Mundwiler, Les"]
[Result "1-0"]
[WhiteElo "2219"]
[BlackElo "2087"]
[PlyCount "69"]
[GameId "2160767909576107"]
[EventDate "2012.03.06"]
[EventType "swiss"]
[EventRounds "4"]
[EventCountry "CAN"]
[SourceTitle "EXT 2022"]
[Source "ChessBase"]
[SourceDate "2021.10.06"]
[SourceVersion "1"]
[SourceVersionDate "2021.10.06"]
[SourceQuality "1"]

1. e4 e5 2. Nf3 Nc6 3. Bb5 Nd4 4. Nxd4 exd4 5. O-O c6 6. Bc4 Nf6 7. d3 b5 8. Bb3 d6 9. a4 b4 10. Qe1 a5 11. e5 dxe5 12. Qxe5+ Be7 13. Re1 Kf8 14. Bf4 Ra7 15. Nd2 Ba6 16. Nf3 Rd7 17. Ng5 Nd5 18. Qf5 Bxg5 19. Bxg5 Qc7 20. Qe4 Nf6 21. Bxf6 gxf6 22. Qh4 Kg7 23. Re4 h5 24. Rf4 Qd6 25. Qg3+ Kf8 26. Re1 Rd8 27. Rf5 Qxg3 28. hxg3 Kg7 29. Rxa5 Bc8 30. Re7 h4 31. Rxf7+ Kg6 32. Rc7 Rdf8 33. gxh4 Rxh4 34. Ra8 Rfh8 35. f3 1-0

[Event "Winnipeg TNT March op"]
[Site "Winnipeg CAN"]
[Date "2012.03.27"]
[Round "4"]
[White "Reimer, Bruce"]
[Black "Baron, Cody"]
[Result "0-1"]
[WhiteElo "1487"]
[BlackElo "1438"]
[PlyCount "74"]
[GameId "2160767909576108"]
[EventDate "2012.03.06"]
[EventType "swiss"]
[EventRounds "4"]
[EventCountry "CAN"]
[SourceTitle "EXT 2022"]
[Source "ChessBase"]
[SourceDate "2021.10.06"]
[SourceVersion "1"]
[SourceVersionDate "2021.10.06"]
[SourceQuality "1"]

1. c4 Nf6 2. Nc3 e5 3. g3 Nc6 4. Bg2 Bb4 5. a3 Bc5 6. e3 O-O 7. b4 Be7 8. Nge2 d6 9. O-O Be6 10. d3 d5 11. c5 Qd7 12. Re1 Bh3 13. Bh1 a5 14. Qb3 axb4 15. Nxd5 Nxd5 16. Bxd5 Bxc5 17. Bb2 Na5 18. Qa2 c6 19. Be4 Be6 20. Qb1 Nb3 21. Qc2 Qd6 22. Rad1 bxa3 23. Ba1 Nxa1 24. Rxa1 b5 25. d4 Bb6 26. Bxh7+ Kh8 27. Nc3 f5 28. Bg6 b4 29. Qb1 Rf6 30. Bh5 exd4 31. Rd1 Qc5 32. Ne2 dxe3 33. f4 Qc4 34. Rc1 Qb5 35. Kg2 Bd5+ 36. Bf3 Bxf3+ 37. Kxf3 Qd5+ 0-1

[Event "Winnipeg TNT March op"]
[Site "Winnipeg CAN"]
[Date "2012.03.27"]
[Round "4"]
[White "Repa, Jason"]
[Black "Kaptsan, Aron"]
[Result "1-0"]
[WhiteElo "1987"]
[BlackElo "1943"]
[PlyCount "131"]
[GameId "2160767909576109"]
[EventDate "2012.03.06"]
[EventType "swiss"]
[EventRounds "4"]
[EventCountry "CAN"]
[SourceTitle "EXT 2022"]
[Source "ChessBase"]
[SourceDate "2021.10.06"]
[SourceVersion "1"]
[SourceVersionDate "2021.10.06"]
[SourceQuality "1"]

1. e4 c5 2. Nf3 d6 3. d4 cxd4 4. Bb5+ Nd7 5. Qxd4 a6 6. Bc4 Qb6 7. Be3 Qxd4 8. Bxd4 Ngf6 9. Nc3 e6 10. O-O-O Be7 11. g4 b5 12. Bd3 b4 13. Na4 Bb7 14. Nd2 e5 15. Bb6 Nxb6 16. Nxb6 Rb8 17. Nbc4 Nxg4 18. Rdf1 O-O 19. Na5 Nf6 20. Nxb7 Rxb7 21. Bxa6 Rc7 22. Be2 d5 23. Bd3 Ra7 24. exd5 Nxd5 25. Bc4 Nf4 26. Re1 Bd6 27. Nf3 Rc8 28. Nxe5 Bxe5 29. Rxe5 Rxa2 30. Kb1 Raa8 31. Bxf7+ Kxf7 32. Rf5+ Ke6 33. Rxf4 Rab8 34. Re1+ Kd5 35. b3 Rf8 36. Ree4 Rxf4 37. Rxf4 Rb7 38. Kc1 Ke5 39. Rg4 Kf5 40. Rc4 g5 41. Kd2 g4 42. Ke3 Re7+ 43. Kd2 Rd7+ 44. Ke2 Re7+ 45. Kf1 Rb7 46. Kg2 h5 47. Kg3 Rb5 48. Kh4 Ke6 49. Rc6+ Kd5 50. Rc4 Kd6 51. h3 gxh3 52. Kxh3 Ke6 53. Kh4 Kd6 54. f4 Ke6 55. Kg3 Kd6 56. Kf3 Rb8 57. Ke4 Rb5 58. Rc8 Ke6 59. Rc6+ Kd7 60. Rg6 Rc5 61. Rg2 Ke6 62. Rh2 Kf6 63. Kd4 Rf5 64. Rh4 Rb5 65. Kc4 Rb8 66. Rxh5 1-0

[Event "Winnipeg TNT March op"]
[Site "Winnipeg CAN"]
[Date "2012.03.27"]
[Round "4"]
[White "Trueman, Francis"]
[Black "Remillard, John"]
[Result "0-1"]
[WhiteElo "1520"]
[BlackElo "1583"]
[PlyCount "112"]
[GameId "2160767909576110"]
[EventDate "2012.03.06"]
[EventType "swiss"]
[EventRounds "4"]
[EventCountry "CAN"]
[SourceTitle "EXT 2022"]
[Source "ChessBase"]
[SourceDate "2021.10.06"]
[SourceVersion "1"]
[SourceVersionDate "2021.10.06"]
[SourceQuality "1"]

1. Nf3 Nf6 2. d3 d5 3. g3 g6 4. Bg2 Bg7 5. O-O O-O 6. Nbd2 Re8 7. Re1 e5 8. e4 dxe4 9. dxe4 Nc6 10. c3 Be6 11. h3 Qd7 12. Ng5 Rad8 13. Nxe6 Rxe6 14. Qe2 Bh6 15. Nf1 Bxc1 16. Raxc1 Rd6 17. Kh2 Kg7 18. Bf3 h5 19. Qc2 g5 20. Red1 g4 21. Rxd6 Qxd6 22. Rd1 Qe6 23. Rxd8 Nxd8 24. Bg2 Qxa2 25. Qd2 Ne6 26. h4 Qc4 27. Ne3 Qb5 28. Nf5+ Kg8 29. Qh6 Nh7 30. Qxh5 Qxb2 31. Nh6+ Kg7 32. Nf5+ Kg8 33. Qxg4+ Kf8 34. Qf3 a5 35. Nh6 Nd8 36. Bh3 a4 37. Be6 f6 38. Bg8 a3 39. Qf5 Ke7 40. Qxh7+ Kd6 41. Qf5 Kc5 42. Qxf6 a2 43. Bxa2 Qxa2 44. Qxd8 Qxf2+ 45. Kh3 Qf1+ 46. Kg4 Qe2+ 47. Kh3 Qf1+ 48. Kg4 Qe2+ 49. Kf5 Qf3+ 50. Ke6 Kb6 51. Qf6 Qxg3 52. Kd7+ c6 53. Qd8+ Ka6 54. Qa8+ Kb6 55. Qa3 Qg7+ 56. Kd6 Qf8+ 0-1

[Event "Winnipeg TNT March op"]
[Site "Winnipeg CAN"]
[Date "2012.03.27"]
[Round "4"]
[White "Wasserman, Leor"]
[Black "Wolchock, Theo"]
[Result "1-0"]
[WhiteElo "1892"]
[BlackElo "1779"]
[PlyCount "103"]
[GameId "2160767909576111"]
[EventDate "2012.03.06"]
[EventType "swiss"]
[EventRounds "4"]
[EventCountry "CAN"]
[SourceTitle "EXT 2022"]
[Source "ChessBase"]
[SourceDate "2021.10.06"]
[SourceVersion "1"]
[SourceVersionDate "2021.10.06"]
[SourceQuality "1"]

1. e4 c5 2. Nf3 e6 3. d4 d5 4. exd5 exd5 5. Bb5+ Bd7 6. Bxd7+ Nxd7 7. O-O Be7 8. Nc3 Ngf6 9. Bf4 a6 10. Re1 O-O 11. Qd2 Rc8 12. Rad1 Nb6 13. b3 Re8 14. Be5 c4 15. Ne2 Ne4 16. Qe3 Bf6 17. Ng3 Nxg3 18. hxg3 Bxe5 19. dxe5 Rc6 20. Nd4 Rh6 21. Nf5 Rhe6 22. Qd4 Qc7 23. Nd6 R8e7 24. bxc4 Nxc4 25. Nf5 Rd7 26. Qg4 Rg6 27. Qh4 h6 28. Rxd5 Rxd5 29. Ne7+ Kh7 30. Nxd5 Qa5 31. Qe4 Nd2 32. Qe2 Qxd5 33. Rd1 Qxa2 34. Qxd2 Re6 35. Qd3+ Kg8 36. Qf5 Qa5 37. Rd7 Rf6 38. Qe4 Re6 39. Rxb7 Qxe5 40. Qxe5 Rxe5 41. f4 Rc5 42. Rb8+ Kh7 43. Rb2 g5 44. Kf2 gxf4 45. gxf4 a5 46. Ke3 Kg6 47. Kd4 Rf5 48. Ke4 Rc5 49. Kd4 Rf5 50. g3 Kh5 51. c4 Kg6 52. c5 1-0

[Event "Winnipeg TNT May op"]
[Site "Winnipeg CAN"]
[Date "2012.05.01"]
[Round "1"]
[White "Cleto, Sam"]
[Black "Moncal, Nilo"]
[Result "1-0"]
[WhiteElo "1860"]
[BlackElo "2147"]
[PlyCount "43"]
[GameId "2160767909509539"]
[EventDate "2012.05.01"]
[EventType "swiss"]
[EventRounds "5"]
[EventCountry "CAN"]
[SourceTitle "EXT 2022"]
[Source "ChessBase"]
[SourceDate "2021.10.06"]
[SourceVersion "1"]
[SourceVersionDate "2021.10.06"]
[SourceQuality "1"]

1. Nf3 e6 2. c4 d5 3. d4 Nf6 4. Nc3 a6 5. cxd5 Nxd5 6. e4 Nf6 7. Bd3 c5 8. e5 Nd5 9. O-O Nc6 10. Bg5 Qd7 11. Rc1 cxd4 12. Ne2 h6 13. Bh4 Ndb4 14. Bb1 d3 15. Ng3 Nd4 16. a3 Nbc6 17. Qxd3 Nxf3+ 18. Qxf3 Qd4 19. Rfd1 Qxh4 20. Rxc6 Be7 21. Qc3 O-O 22. Rc4 1-0

[Event "Winnipeg TNT May op"]
[Site "Winnipeg CAN"]
[Date "2012.05.01"]
[Round "1"]
[White "Czarny, Keith"]
[Black "Kaptsan, Aron"]
[Result "0-1"]
[WhiteElo "1704"]
[BlackElo "1973"]
[PlyCount "80"]
[GameId "2160767909509540"]
[EventDate "2012.05.01"]
[EventType "swiss"]
[EventRounds "5"]
[EventCountry "CAN"]
[SourceTitle "EXT 2022"]
[Source "ChessBase"]
[SourceDate "2021.10.06"]
[SourceVersion "1"]
[SourceVersionDate "2021.10.06"]
[SourceQuality "1"]

1. Nc3 Nf6 2. g3 d5 3. d4 g6 4. Bg2 Bg7 5. Nf3 O-O 6. O-O e6 7. Bd2 Nbd7 8. Ne5 Nxe5 9. dxe5 Nd7 10. f4 c6 11. e3 b5 12. a3 Nb6 13. b4 Bd7 14. Ne2 Qc7 15. Nd4 Rfc8 16. Nb3 Bf8 17. Ra2 Na4 18. Qe1 c5 19. bxc5 Nxc5 20. Ba5 Qb7 21. Bb4 Ne4 22. Bxf8 Kxf8 23. Qb4+ Kg8 24. Bxe4 dxe4 25. Nc5 Qd5 26. Nxd7 Qxa2 27. Nf6+ Kg7 28. Rf2 Rxc2 29. Rxc2 Qxc2 30. Qxb5 Qc1+ 31. Kg2 Qxe3 32. Qb7 Rd8 33. Qe7 Qe2+ 34. Kh3 Qf1+ 35. Kh4 Qd3 36. Ne8+ Rxe8 37. Qxe8 e3 38. Qe7 e2 39. Qf6+ Kf8 40. h3 e1=Q 0-1

[Event "Winnipeg TNT May op"]
[Site "Winnipeg CAN"]
[Date "2012.05.01"]
[Round "1"]
[White "Green, Aaron"]
[Black "Trueman, Francis"]
[Result "1-0"]
[WhiteElo "1970"]
[BlackElo "1529"]
[PlyCount "39"]
[GameId "2160767909509541"]
[EventDate "2012.05.01"]
[EventType "swiss"]
[EventRounds "5"]
[EventCountry "CAN"]
[SourceTitle "EXT 2022"]
[Source "ChessBase"]
[SourceDate "2021.10.06"]
[SourceVersion "1"]
[SourceVersionDate "2021.10.06"]
[SourceQuality "1"]

1. e4 d6 2. d4 Nf6 3. Nc3 g6 4. f4 e5 5. fxe5 dxe5 6. Nf3 c6 7. Nxe5 Bb4 8. Qd3 Bxc3+ 9. bxc3 Nbd7 10. Nxd7 Bxd7 11. Bg5 h6 12. Bd2 Qb6 13. Be2 O-O-O 14. O-O c5 15. Rab1 Qe6 16. e5 Nd5 17. c4 Nc7 18. Rf6 Qe7 19. Bf3 b6 20. Qe4 1-0

[Event "Winnipeg TNT May op"]
[Site "Winnipeg CAN"]
[Date "2012.05.01"]
[Round "1"]
[White "Kwiatek, Jordan"]
[Black "Baron, Cody"]
[Result "0-1"]
[WhiteElo "1875"]
[BlackElo "1462"]
[PlyCount "84"]
[GameId "2160767909509542"]
[EventDate "2012.05.01"]
[EventType "swiss"]
[EventRounds "5"]
[EventCountry "CAN"]
[SourceTitle "EXT 2022"]
[Source "ChessBase"]
[SourceDate "2021.10.06"]
[SourceVersion "1"]
[SourceVersionDate "2021.10.06"]
[SourceQuality "1"]

1. d4 Nf6 2. c4 e6 3. g3 d5 4. Nf3 c5 5. cxd5 exd5 6. Bg2 b6 7. O-O Bb7 8. Nc3 Nbd7 9. Bf4 a6 10. Re1 Be7 11. Nh4 Nh5 12. Nf5 Nxf4 13. gxf4 Nf6 14. Nxg7+ Kf8 15. Nf5 Rg8 16. Nxe7 Qxe7 17. e3 Bc8 18. Kh1 Ng4 19. Qf3 Qh4 20. h3 Nxf2+ 21. Kh2 Bg4 22. Qg3 Bxh3 23. Qxg8+ Kxg8 24. Nxd5 Be6+ 25. Kg1 Qg3 26. Nf6+ Kh8 27. Nh5 Nh3+ 28. Kh1 Qh4 29. Bxa8 Nxf4+ 30. Kg1 Nxh5 31. Bg2 cxd4 32. exd4 Qxd4+ 33. Kh2 Qh4+ 34. Kg1 Qg3 35. Rf1 Bh3 36. Rf2 Nf4 37. Rc1 Bxg2 38. Rc8+ Kg7 39. Rc3 Bf3+ 40. Kf1 Bg2+ 41. Ke1 Qxc3+ 42. bxc3 Nd3+ 0-1

[Event "Winnipeg TNT May op"]
[Site "Winnipeg CAN"]
[Date "2012.05.01"]
[Round "1"]
[White "Leaden, Bruce"]
[Black "Currie, James"]
[Result "0-1"]
[WhiteElo "1479"]
[BlackElo "1949"]
[PlyCount "38"]
[GameId "2160767909509543"]
[EventDate "2012.05.01"]
[EventType "swiss"]
[EventRounds "5"]
[EventCountry "CAN"]
[SourceTitle "EXT 2022"]
[Source "ChessBase"]
[SourceDate "2021.10.06"]
[SourceVersion "1"]
[SourceVersionDate "2021.10.06"]
[SourceQuality "1"]

1. e4 d5 2. exd5 Nf6 3. Nc3 Nxd5 4. Bc4 Be6 5. d3 Nxc3 6. bxc3 Bxc4 7. Nf3 Bd5 8. O-O e6 9. c4 Bxf3 10. Qxf3 Nc6 11. Rb1 Qf6 12. Qxf6 gxf6 13. Rxb7 O-O-O 14. Rb1 Nd4 15. Rb2 Ne2+ 16. Kh1 Nxc1 17. Rxc1 Ba3 18. Rcb1 Bxb2 19. Rxb2 Kd7 0-1

[Event "Winnipeg TNT May op"]
[Site "Winnipeg CAN"]
[Date "2012.05.01"]
[Round "1"]
[White "Ma, Derek"]
[Black "Rutter, Blair"]
[Result "1/2-1/2"]
[WhiteElo "1454"]
[BlackElo "1874"]
[PlyCount "94"]
[GameId "2160767909509544"]
[EventDate "2012.05.01"]
[EventType "swiss"]
[EventRounds "5"]
[EventCountry "CAN"]
[SourceTitle "EXT 2022"]
[Source "ChessBase"]
[SourceDate "2021.10.06"]
[SourceVersion "1"]
[SourceVersionDate "2021.10.06"]
[SourceQuality "1"]

1. e4 e6 2. d4 d5 3. e5 c5 4. c3 Nc6 5. Be3 Qb6 6. Qd2 Bd7 7. Nf3 Rc8 8. Be2 cxd4 9. Nxd4 Bc5 10. f4 Nge7 11. Bg4 Nxd4 12. cxd4 Bb4 13. Nc3 Qa5 14. Rc1 Bb5 15. a3 Bxc3 16. Rxc3 Rxc3 17. Qxc3 Qxc3+ 18. bxc3 Kd7 19. Kd2 Rc8 20. Rb1 Ba6 21. Be2 Rc6 22. Bxa6 bxa6 23. Rb7+ Rc7 24. Rxc7+ Kxc7 25. Kc2 Kc6 26. Kb3 Kb5 27. a4+ Kb6 28. Bc1 Nc6 29. Be3 Na5+ 30. Kb4 Nc4 31. Bc1 a5+ 32. Kb3 Kc6 33. g4 f6 34. h4 Kd7 35. h5 Ke7 36. g5 Kf7 37. Ka2 g6 38. h6 fxg5 39. fxg5 Ke7 40. Ba3+ Kd7 41. Bc1 Kc6 42. Kb3 a6 43. Ka2 Nb6 44. Kb3 Nc8 45. Ba3 Nb6 46. Bc1 Nc4 47. Ka2 Nb6 1/2-1/2

[Event "Winnipeg TNT May op"]
[Site "Winnipeg CAN"]
[Date "2012.05.01"]
[Round "1"]
[White "Swift, Ryne"]
[Black "Schulz, Waldemar"]
[Result "0-1"]
[WhiteElo "1853"]
[BlackElo "2035"]
[PlyCount "94"]
[GameId "2160767909509545"]
[EventDate "2012.05.01"]
[EventType "swiss"]
[EventRounds "5"]
[EventCountry "CAN"]
[SourceTitle "EXT 2022"]
[Source "ChessBase"]
[SourceDate "2021.10.06"]
[SourceVersion "1"]
[SourceVersionDate "2021.10.06"]
[SourceQuality "1"]

1. e4 c5 2. Nf3 Nc6 3. d4 cxd4 4. Nxd4 e5 5. Nb3 Nf6 6. Nc3 Bb4 7. Bd3 d5 8. exd5 Nxd5 9. Bd2 Nxc3 10. Bxc3 Bxc3+ 11. bxc3 Qg5 12. O-O O-O 13. Nc5 Rd8 14. Qe2 Qe7 15. Ne4 f5 16. Ng3 e4 17. Bc4+ Kh8 18. Rad1 Be6 19. Bb3 Ne5 20. Qb5 Bxb3 21. axb3 g6 22. Rfe1 Ng4 23. h3 Nf6 24. Nf1 Rac8 25. c4 f4 26. Qg5 f3 27. Rxe4 Qg7 28. Red4 Rxd4 29. Rxd4 fxg2 30. Kxg2 Re8 31. Ne3 h6 32. Qa5 b6 33. Qe1 Ne4 34. Qd1 Qf6 35. Ng4 Qc6 36. Kf1 Nc3 37. Rd5 Nxd1 38. Ne5 Qe6 39. Ng4 Qe2+ 40. Kg2 h5 41. Kg3 hxg4 42. Rxd1 Qxd1 43. hxg4 Qxc2 44. f4 Re3+ 45. Kh4 Qh2+ 46. Kg5 Kg7 47. f5 Qh6# 0-1

[Event "Winnipeg TNT May op"]
[Site "Winnipeg CAN"]
[Date "2012.05.01"]
[Round "1"]
[White "Wasserman, Leor"]
[Black "Wolchock, Theo"]
[Result "1-0"]
[WhiteElo "1975"]
[BlackElo "1778"]
[PlyCount "103"]
[GameId "2160767909509546"]
[EventDate "2012.05.01"]
[EventType "swiss"]
[EventRounds "5"]
[EventCountry "CAN"]
[SourceTitle "EXT 2022"]
[Source "ChessBase"]
[SourceDate "2021.10.06"]
[SourceVersion "1"]
[SourceVersionDate "2021.10.06"]
[SourceQuality "1"]

1. e4 c5 2. Nf3 e6 3. d4 d5 4. exd5 exd5 5. Bb5+ Bd7 6. Bxd7+ Nxd7 7. O-O Bd6 8. Nc3 Ne7 9. Re1 O-O 10. Bg5 Nb6 11. Nb5 Re8 12. a4 a6 13. Nxd6 Qxd6 14. a5 Nd7 15. dxc5 Nxc5 16. Bxe7 Rxe7 17. Rxe7 Qxe7 18. Qxd5 Rd8 19. Qc4 Qd6 20. h3 Ne6 21. Qe4 Nc5 22. Qe2 Ne6 23. Re1 Nf4 24. Qe5 Qxe5 25. Rxe5 Rd1+ 26. Re1 Ne2+ 27. Kf1 Rxe1+ 28. Nxe1 Nd4 29. Nd3 Nxc2 30. Nc5 Nb4 31. Nxb7 Kf8 32. Ke2 Ke7 33. Kd2 Kd7 34. Kc3 Nd5+ 35. Kc4 Nc7 36. Nc5+ Kc6 37. b4 h5 38. Nxa6 Nxa6 39. b5+ Kb7 40. bxa6+ Kxa6 41. Kb4 g5 42. g4 hxg4 43. hxg4 f6 44. f3 Kb7 45. Kb5 Ka8 46. a6 Kb8 47. Kb6 Ka8 48. a7 f5 49. gxf5 g4 50. f6 g3 51. f7 g2 52. f8=Q# 1-0

[Event "Winnipeg TNT May op"]
[Site "Winnipeg CAN"]
[Date "2012.05.01"]
[Round "1.5"]
[White "Boron, Anthony"]
[Black "De Groot, Steven"]
[Result "1/2-1/2"]
[WhiteElo "2063"]
[BlackElo "1858"]
[PlyCount "70"]
[GameId "2160767909509547"]
[EventDate "2012.05.01"]
[EventType "swiss"]
[EventRounds "5"]
[EventCountry "CAN"]
[SourceTitle "EXT 2022"]
[Source "ChessBase"]
[SourceDate "2021.10.06"]
[SourceVersion "1"]
[SourceVersionDate "2021.10.06"]
[SourceQuality "1"]

1. e4 c5 2. Nc3 Nc6 3. f4 d6 4. Bc4 Nf6 5. Nf3 Bg4 6. h3 Bxf3 7. Qxf3 Nd4 8. Qd1 Nxe4 9. Nxe4 d5 10. c3 Nc6 11. Bb5 dxe4 12. Qa4 Qd5 13. O-O e6 14. Re1 Be7 15. Rxe4 O-O 16. Re2 Rac8 17. Bxc6 Rxc6 18. Qc2 c4 19. b3 b5 20. Re5 Bc5+ 21. Kh1 Qd3 22. Qd1 f6 23. Rxc5 Rxc5 24. Ba3 Rd5 25. Bxf8 Kxf8 26. Qg1 Qxd2 27. bxc4 bxc4 28. Qxa7 Qxc3 29. Rb1 Rd8 30. Qc5+ Kg8 31. Qe7 Qd3 32. Qxe6+ Kh8 33. Rc1 c3 34. Qc6 Qe2 35. Qxc3 Qxa2 1/2-1/2

[Event "Winnipeg TNT May op"]
[Site "Winnipeg CAN"]
[Date "2012.05.08"]
[Round "2"]
[White "Avena, Danilo"]
[Black "Boron, Anthony"]
[Result "0-1"]
[WhiteElo "1794"]
[BlackElo "2063"]
[PlyCount "90"]
[GameId "2160767909509548"]
[EventDate "2012.05.01"]
[EventType "swiss"]
[EventRounds "5"]
[EventCountry "CAN"]
[SourceTitle "EXT 2022"]
[Source "ChessBase"]
[SourceDate "2021.10.06"]
[SourceVersion "1"]
[SourceVersionDate "2021.10.06"]
[SourceQuality "1"]

1. e4 c5 2. Nf3 e6 3. d4 cxd4 4. Nxd4 Nf6 5. Nd2 e5 6. Nf5 d5 7. Ng3 d4 8. Nf3 Nc6 9. Bb5 Qa5+ 10. Bd2 Qxb5 11. a3 Bg4 12. h3 Bd7 13. b3 a5 14. c4 Qb6 15. O-O Be7 16. Qc2 O-O 17. Rfe1 Rfe8 18. Qd3 Qc7 19. h4 Qc8 20. h5 Bg4 21. h6 g6 22. Nh2 Be6 23. f4 b6 24. f5 Bd7 25. Rf1 Rf8 26. Rf3 Qd8 27. Raf1 Bxa3 28. fxg6 fxg6 29. Bg5 Be7 30. Qe2 d3 31. Qxd3 Nd4 32. R3f2 Be6 33. Qd1 Nd7 34. Rxf8+ Nxf8 35. Bxe7 Qxe7 36. Nf3 Bg4 37. Ne2 Bxf3 38. gxf3 Qg5+ 39. Kf2 Qh4+ 40. Kg2 Nxe2 41. Qxe2 Ne6 42. Qd2 Rd8 43. Qe3 Nf4+ 44. Kg1 Qg3+ 45. Kh1 Qg2# 0-1

[Event "Winnipeg TNT May op"]
[Site "Winnipeg CAN"]
[Date "2012.05.08"]
[Round "2"]
[White "Baron, Cody"]
[Black "Green, Aaron"]
[Result "0-1"]
[WhiteElo "1462"]
[BlackElo "1970"]
[PlyCount "64"]
[GameId "2160767909509549"]
[EventDate "2012.05.01"]
[EventType "swiss"]
[EventRounds "5"]
[EventCountry "CAN"]
[SourceTitle "EXT 2022"]
[Source "ChessBase"]
[SourceDate "2021.10.06"]
[SourceVersion "1"]
[SourceVersionDate "2021.10.06"]
[SourceQuality "1"]

1. Nf3 Nf6 2. c4 g6 3. d4 Bg7 4. Nc3 d6 5. h3 O-O 6. Bf4 c5 7. e3 Re8 8. Be2 Bf5 9. O-O Nc6 10. a3 Ne4 11. Nh4 Nxc3 12. bxc3 Bd7 13. Nf3 Qa5 14. Qd2 Rad8 15. Rfb1 b6 16. Rb5 Qa6 17. Rbb1 Bf5 18. Rb2 Na5 19. Nh4 Bd7 20. Bd3 e5 21. Bg3 exd4 22. cxd4 cxd4 23. c5 Qc8 24. cxb6 axb6 25. Rc1 dxe3 26. Rxc8 exd2 27. Rxd2 Bxc8 28. Bb5 Bd7 29. Bxd7 Rxd7 30. Rxd6 Rxd6 31. Bxd6 Nc4 32. Bb4 Ra8 0-1

[Event "Winnipeg TNT May op"]
[Site "Winnipeg CAN"]
[Date "2012.05.08"]
[Round "2"]
[White "De Groot, Steven"]
[Black "Bince, Rolando"]
[Result "0-1"]
[WhiteElo "1858"]
[BlackElo "2084"]
[PlyCount "114"]
[GameId "2160767909509550"]
[EventDate "2012.05.01"]
[EventType "swiss"]
[EventRounds "5"]
[EventCountry "CAN"]
[SourceTitle "EXT 2022"]
[Source "ChessBase"]
[SourceDate "2021.10.06"]
[SourceVersion "1"]
[SourceVersionDate "2021.10.06"]
[SourceQuality "1"]

1. c4 e5 2. Nc3 Nf6 3. g3 c6 4. e4 Bb4 5. Bg2 O-O 6. Nge2 d5 7. exd5 Bg4 8. Qb3 Na6 9. O-O Rb8 10. a3 Bd6 11. d4 exd4 12. Nxd4 Nc5 13. Qc2 Be5 14. Be3 cxd5 15. Nxd5 Nxd5 16. Bxd5 a6 17. Nf3 Bxf3 18. Bxf3 b6 19. Bd5 Qf6 20. Rab1 Rfd8 21. b4 Ne6 22. Bxe6 Qxe6 23. Rfd1 g6 24. Rxd8+ Rxd8 25. Rd1 Rc8 26. Qe4 Rxc4 27. Qa8+ Kg7 28. Qxa6 Bc7 29. Qb5 h6 30. Rd5 Qe4 31. Rd7 Qb1+ 32. Kg2 Qe4+ 33. f3 Rc2+ 34. Rd2 Rxd2+ 35. Bxd2 Qc2 36. Qe2 g5 37. Kf2 b5 38. Be3 Qf5 39. Bd4+ Kg6 40. Qe4 Qxe4 41. fxe4 f5 42. Kf3 f4 43. e5 fxg3 44. hxg3 h5 45. Ke4 h4 46. gxh4 gxh4 47. Kf4 h3 48. Bg1 Bb6 49. Bh2 Bd4 50. e6 Kf6 51. Ke4 Bb2 52. Kd5 Bxa3 53. Bd6 Bxb4 54. Bh2 Be7 55. Be5+ Kf5 56. Bh2 b4 57. Kc4 Kxe6 0-1

[Event "Winnipeg TNT May op"]
[Site "Winnipeg CAN"]
[Date "2012.05.08"]
[Round "2"]
[White "Kaptsan, Aron"]
[Black "Cleto, Sam"]
[Result "1/2-1/2"]
[WhiteElo "1973"]
[BlackElo "1860"]
[PlyCount "85"]
[GameId "2160767909509551"]
[EventDate "2012.05.01"]
[EventType "swiss"]
[EventRounds "5"]
[EventCountry "CAN"]
[SourceTitle "EXT 2022"]
[Source "ChessBase"]
[SourceDate "2021.10.06"]
[SourceVersion "1"]
[SourceVersionDate "2021.10.06"]
[SourceQuality "1"]

1. d4 Nf6 2. c4 g6 3. Nc3 Bg7 4. e4 d6 5. g3 O-O 6. Bg2 e5 7. dxe5 dxe5 8. Qxd8 Rxd8 9. Bg5 c6 10. Nf3 h6 11. Be3 Be6 12. b3 Ng4 13. Bd2 Nd7 14. h3 Ngf6 15. Be3 g5 16. O-O-O Ne8 17. Rd2 Nf8 18. Rxd8 Rxd8 19. Bxa7 f5 20. Bb6 Ra8 21. a4 Nd7 22. Be3 f4 23. Bd2 Nd6 24. Rd1 Nc5 25. Kc2 b5 26. Bxf4 Ndxe4 27. Nxe4 Nxe4 28. Bxe5 bxc4 29. Bxg7 cxb3+ 30. Kb2 Rxa4 31. Bd4 c5 32. Ra1 Rxa1 33. Kxa1 cxd4 34. Nxd4 Bd5 35. Kb2 Kf7 36. Nf5 Ke6 37. Bxe4 Bxe4 38. Nxh6 Bg2 39. h4 gxh4 40. gxh4 Bh3 41. Kxb3 Kf6 42. f3 Kg6 43. Ng4 1/2-1/2

[Event "Winnipeg TNT May op"]
[Site "Winnipeg CAN"]
[Date "2012.05.08"]
[Round "2"]
[White "Moncal, Nilo"]
[Black "Ma, Derek"]
[Result "1-0"]
[WhiteElo "2147"]
[BlackElo "1454"]
[PlyCount "61"]
[GameId "2160767909509552"]
[EventDate "2012.05.01"]
[EventType "swiss"]
[EventRounds "5"]
[EventCountry "CAN"]
[SourceTitle "EXT 2022"]
[Source "ChessBase"]
[SourceDate "2021.10.06"]
[SourceVersion "1"]
[SourceVersionDate "2021.10.06"]
[SourceQuality "1"]

1. e4 c5 2. Nf3 d6 3. d4 Nf6 4. Nc3 cxd4 5. Nxd4 Nc6 6. Be3 e5 7. Nb3 h6 8. f3 Be7 9. Qd2 a6 10. O-O-O O-O 11. g4 Nh7 12. Nd5 Bg5 13. Be2 Bxe3 14. Nxe3 Qg5 15. h4 Qf4 16. Nc4 b5 17. Qxf4 exf4 18. Nxd6 Be6 19. Nc5 Bxa2 20. b3 Ra7 21. Kb2 Rc7 22. Nxa6 Ra7 23. Bxb5 Nf6 24. Bxc6 Rxa6 25. Ba4 Rd8 26. e5 Nd7 27. Nb7 Rb8 28. Rxd7 Rxa4 29. bxa4 Be6 30. Rd8+ Rxd8 31. Nxd8 1-0

[Event "Winnipeg TNT May op"]
[Site "Winnipeg CAN"]
[Date "2012.05.08"]
[Round "2"]
[White "Rutter, Blair"]
[Black "Green, Jim"]
[Result "1-0"]
[WhiteElo "1874"]
[BlackElo "1772"]
[PlyCount "118"]
[GameId "2160767909509553"]
[EventDate "2012.05.01"]
[EventType "swiss"]
[EventRounds "5"]
[EventCountry "CAN"]
[SourceTitle "EXT 2022"]
[Source "ChessBase"]
[SourceDate "2021.10.06"]
[SourceVersion "1"]
[SourceVersionDate "2021.10.06"]
[SourceQuality "1"]

1. c4 e5 2. g3 f5 3. Nc3 Nf6 4. Bg2 d6 5. d3 Nc6 6. a3 a5 7. Rb1 Be7 8. Bg5 O-O 9. Bxf6 Bxf6 10. Nd5 Ne7 11. Nxf6+ Rxf6 12. e3 Nc6 13. Qb3 Kh8 14. Qb5 Bd7 15. Qb3 Qc8 16. Ne2 Ra6 17. Qc3 a4 18. Qd2 Ne7 19. b4 axb3 20. Rxb3 Bc6 21. Bxc6 Nxc6 22. Qb2 b6 23. Rc3 Qe8 24. Qb5 Qa8 25. O-O Ra5 26. Qb2 Qe8 27. Qd2 Qh5 28. f4 Rh6 29. Rf2 Qe8 30. d4 Ra8 31. Qc2 g6 32. c5 exd4 33. exd4 bxc5 34. dxc5 d5 35. Rd3 Qe6 36. Qc3+ Kg8 37. Re3 Qf7 38. Nd4 Nxd4 39. Qxd4 c6 40. Rfe2 g5 41. fxg5 Rg6 42. Re7 Qf8 43. Qf4 Rg7 44. Rxg7+ Qxg7 45. a4 Qg6 46. h4 Re8 47. Rf2 Re4 48. Qb8+ Re8 49. Qc7 Qe6 50. Qf4 Qe1+ 51. Kg2 Qe4+ 52. Kh2 Ra8 53. Qc7 Re8 54. Qxc6 d4 55. Qd6 d3 56. g6 Qe3 57. Qd5+ Kh8 58. g7+ Kxg7 59. Rg2 d2 1-0